00744nam a2200241Ia 4500001000400000002003700004008003700041010001100078300001800089440006400107503001300171504002800184590002100212650003100233650002700264650003100291650002800322650005100350650003300401700003000434942001900464999001900483IA_DAIRY PROCESSING : IMPROVING QUALITY220117s xx 000 0 und d a179661 axviii, 546 p. aWoodhead Publishing in Food Science and Technology9122554 aI 229332 aIncluye bibliografías aSF250.5 D34 2003 aDairy processing 9147868 aDairy products9147672 aIndustria lechera 957819 aMilk industry 9147869 aProcesamiento de productos lácteos 9163650 aProductos lácteos 992124 aSmit, Gerrit, ed.9147870 c637.1 D34 2003 c179661d179661